Sales and operations planning : S&OP in 14 steps /

Bibliographic Details
Main Author: Peña Andrés, Cristina (Author)
Other Authors: O'Donnell, Henry (Translator)
Format: Electronic eBook
Language:English
Spanish
Published: Barcelona : Marge Books, [2017]
Edition:1a edición.
Series:Gestiona.
Subjects:
Online Access:Digitalia Hispánica

MARC

LEADER 00000nam a2200000Ii 4500
001 DIGMARGE0229
003 NyNyDIG
006 m o d
007 cr |||||||||||
008 231101s2017 sp o 000 0 eng d
035 |a (OCoLC)1409626435 
040 |a DGITA  |b eng  |e rda  |e pn  |c DGITA 
020 |a 9788417313012  |q edición digital 
020 |z 9788417313005  |q edición impresa 
041 1 |a eng  |h spa 
050 1 4 |a HF5438.5 ebook 
082 0 4 |a 658.82  |2 23 
100 1 |a Peña Andrés, Cristina,  |e author. 
240 1 0 |a Planificación de ventas y operaciones.  |l English  |s (O'Donnell) 
245 1 0 |a Sales and operations planning :  |b S&OP in 14 steps /  |c Cristina Peña Andrés ; [translator, Henry O'Donnell]. 
250 |a 1a edición. 
264 1 |a Barcelona :  |b Marge Books,  |c [2017] 
300 |a 1 online resource. 
336 |a text  |b txt  |2 rdacontent 
337 |a computer  |b c  |2 rdamedia 
338 |a online resource  |b cr  |2 rdacarrier 
347 |a text file  |2 rdaft 
347 |b PDF 
490 1 |a Colección Gestiona 
500 |a "Practical guide."--Cover. 
500 |a "Including diagrams and case studies."--Cover. 
586 |a Logisnet Prize, 2017 
588 0 |a Online resource; title from PDF title page (Digitalia, viewed November 1, 2023) 
650 0 |a Sales management. 
700 1 |a O'Donnell, Henry,  |e translator.  
700 1 |i Translation of:  |a Peña Andrés, Cristina.  |t Planificación de ventas y operaciones. 
791 2 |a Digitalia (Firm),  |e distributor. 
793 0 |g Digitalia eBook Collection:  |a Marge Books 
776 0 8 |i Print version:  |a Peña Andrés, Cristina.  |s Planificación de ventas y operaciones. English (O'Donnell).  |t Sales and operations planning.  |b 1a edición.  |d Barcelona : Marge Books, [2017]  |z 9788417313005 
830 0 |a Gestiona. 
856 4 0 |3 Digitalia Hispánica  |u https://www.digitaliapublishing.com/a/126066/ 
910 |a Premium collection: 2023